000 00880nam a2200229Ia 4500
003 OSt
005 20220923212321.0
006 a|||||r|||| 00| 0
007 ta
008 220922b |||||||| |||| 00| 0 hin d
024 _a152,193
037 _cTextual
040 _aARTS
_cARTS
_bhin
041 _2hin
_ahin
082 _a/\25x1:1, 152K5;1
245 0 _aनारद भक्ति दर्शन* देवर्षि नारद रचित भक्ति सूत्र, अखडानन्द स्वामी द्वारा व्या
246 _aNārad bhakti darshana: devarṣhi nārad rachit bhakti sūtra, akhaḍānanda swāmī dvārā vyā
260 _c1965
490 _aसत्साहित्य प्रकाशन ट्रस्ट; 10
942 _h/\25x1:1, 152K5;1
_cTEXL
_2CC
999 _c307842
_d307842